000 004620000a22001810004500
003 MACL
005 20150714143744.0
008 150714b xxu||||| |||| 00| 0 eng d
040 _aMACL
_cMACL
041 _aEnglish
082 _a332/CHA
100 _aChakarbary, Bidyut
_92043
245 _aCentreS̜tate Relations in India
260 _bSegment Bok Distributors
_aNew Delhi
_c1990
350 _a330
650 _aPolitical Science
_988
942 _cBK
_k332
_2ddc
999 _c5333
_d5333